কবিকঙ্কণ চণ্ডী / (Record no. 55417)
[ view plain ]
| 000 -LEADER | |
|---|---|
| fixed length control field | 01347nam a2200265 a 4500 |
| 001 - CONTROL NUMBER | |
| control field | 55417 |
| 003 - CONTROL NUMBER IDENTIFIER | |
| rucl marc code | BD-RjUL |
| 005 - DATE AND TIME OF LATEST TRANSACTION | |
| control field | 20211209080249.0 |
| 008 - FIXED-LENGTH DATA ELEMENTS--GENERAL INFORMATION | |
| fixed length control field | 161117s1958 ii ||||| |||| 00| 0 ben d |
| 035 ## - SYSTEM CONTROL NUMBER | |
| System control number | (BD-RjUL)55540 |
| 040 ## - CATALOGING SOURCE | |
| Original cataloging agency | BD-RjUL |
| Language of cataloging | ben |
| Transcribing agency | BD-RjUL |
| 041 ## - LANGUAGE CODE | |
| Language code of text/sound track or separate title | ben |
| 082 ## - DEWEY DECIMAL CLASSIFICATION NUMBER | |
| Edition number | 23 |
| Classification number | 891.44109 |
| Author mark and year | CHK 1958 |
| 100 1# - MAIN ENTRY--PERSONAL NAME | |
| Personal name | চক্রবর্তী, মুকুন্দরাম |
| 9 (RLIN) | 127373 |
| 245 10 - TITLE STATEMENT | |
| Title | কবিকঙ্কণ চণ্ডী / |
| Statement of responsibility, etc. | মুকুন্দরাম চক্রবর্তী ; শ্রীকুমার বন্দ্যোপাধ্যায় সম্পাদক ; বিশ্বপতি চৌধুরী, সম্পাদিত |
| 250 ## - EDITION STATEMENT | |
| Edition statement | নূতন সং . |
| 260 ## - PUBLICATION, DISTRIBUTION, ETC. (IMPRINT) | |
| Place of publication, distribution, etc. | কলিকাতা : |
| Name of publisher, distributor, etc. | সাহিত্যলোক, |
| Date of publication, distribution, etc. | ১৯৫৮ [মুদ্রণ ১৯৬২] |
| 300 ## - PHYSICAL DESCRIPTION | |
| Pagination | খণ্ড ; |
| Size | ২৪ সেমি. |
| 505 0# - FORMATTED CONTENTS NOTE | |
| Formatted contents note | ১ম ভাগ |
| 650 ## - SUBJECT ADDED ENTRY--TOPICAL TERM | |
| Topical term or geographic name as entry element | বাংলা কবিতা |
| 9 (RLIN) | 117445 |
| Form subdivision | ইতিহাস ও সমালোচনা |
| Topical term or geographic name as entry element | Bengali poetry |
| 9 (RLIN) | 157140 |
| Form subdivision | History and criticism |
| 700 ## - ADDED ENTRY--PERSONAL NAME | |
| Personal name | বন্দ্যোপাধ্যায়, শ্রীকুমা্র সম্পাদক ; |
| Personal name | চৌধুরী, বিশ্বপতি, সম্পাদক |
| 942 ## - ADDED ENTRY ELEMENTS (KOHA) | |
| Source of classification or shelving scheme | Dewey Decimal Classification |
| Koha item type | Books |
| Lost status | Source of classification or shelving scheme | Damaged status | Not for loan | Collection code | Permanent Location | Current Location | Shelving location | Date acquired | Source of acquisition | Cost, normal purchase price | Total Checkouts | Full call number | Date last seen | Copy number | Koha item type |
|---|---|---|---|---|---|---|---|---|---|---|---|---|---|---|---|
| Dewey Decimal Classification | Non-fiction | Central Library, University of Rajshahi | Central Library, University of Rajshahi | 29/06/1960 | Warri Book Centre | 12.00 | B 891.44109 CHK Pt-1 1958 | 17/11/2016 | C-2 | Books | |||||
| Dewey Decimal Classification | Non-fiction | Central Library, University of Rajshahi | Central Library, University of Rajshahi | 04/10/1963 | N/A | 10.50 | B 891.44109 CHK Pt-1 1962 | 17/11/2016 | C-3 | Books | |||||
| Dewey Decimal Classification | Non-fiction | Central Library, University of Rajshahi | Central Library, University of Rajshahi | 04/10/1963 | N/A | 10.50 | B 891.44109 CHK Pt-1 1962 | 17/11/2016 | C-4 | Books | |||||
| Dewey Decimal Classification | Non-fiction | Central Library, University of Rajshahi | Central Library, University of Rajshahi | 14/01/1965 | Ideal library | 11.75 | B 891.44109 CHK Pt-1 1958 | 17/11/2016 | C-5 | Books | |||||
| Dewey Decimal Classification | Not For Loan | Non-fiction | Central Library, University of Rajshahi | Central Library, University of Rajshahi | Reading Room | 07/10/1959 | Provincial library | 10.80 | B 891.44109 CHK Pt-1 1958 | 30/04/2017 | C-1 | Books |